African Journal of Tropical Medicine & Biomedical Research (AJTMBR) (Record no. 37315)
[ view plain ]
| 000 -LEADER | |
|---|---|
| fixed length control field | 00493nam a2200145Ia 4500 |
| 022 ## - INTERNATIONAL STANDARD SERIAL NUMBER | |
| ISSN | 2141-6397 |
| 050 ## - CALL MARK | |
| Classification number | RC962 .A37 |
| 245 ## - TITLE STATEMENT | |
| Title | African Journal of Tropical Medicine & Biomedical Research (AJTMBR) |
| 250 ## - EDITION / VOLUME STATEMENT | |
| Edition / Volume statement | Vol. 7, No. 1 |
| 260 ## - PUBLICATION, DISTRIBUTION, ETC. (IMPRINT) | |
| Place of publication | Delta State |
| Name of publisher | College of Health Sciences, Delta State University. |
| Year of publication | 2024 |
| 300 ## - PHYSICAL DESCRIPTION | |
| Number of Pages | 108 p. : ill. ; 29 cm. |
| 650 ## - SUBJECT ADDED ENTRY--TOPICAL TERM | |
| Topical Term | Ecology--Nigeria--Periodicals. Tropical medicine--Nigeria--Periodicals. |
| 942 ## - ADDED ENTRY ELEMENTS (KOHA) | |
| Koha item type | Serials |
| Source of classification | Library of Congress Classification |
No items available.